000 00560nam a2200229Ia 4500
003 OSt
005 20221005124451.0
006 a|||||r|||| 00| 0
007 ta
008 221004b |||||||| |||| 00| 0 eng d
024 _a58130
037 _cTextual
040 _aCRL
_cCRL
_beng
041 _2eng
_aeng
082 _aV2:237wM88, J5
100 _aMavalankar G V
_9635290
245 0 _aMy life at the bar
260 _c1955
650 _aHISTORY
942 _hV2:237wM88, J5
_cTEXL
_2cc
999 _c1050574
_d1050574